000 00414nam a22001697a 4500
003 MPLRDC
005 20220104114741.0
008 210129b ||||| |||| 00| 0 eng d
082 _a783.1 SKBH c.2
100 _a山口百惠
245 _a山口百惠自传
_c龙翔 译
250 _a四版
260 _a
_b艺苑出版社
_c1982
300 _b
650 _a日本名人自传
942 _cBK
_o783.1 SKBH c.2
999 _c9932
_d9922